[Event "FRA-chT poule haute"]
[Site "France"]
[Date "2003.05.09"]
[Round "10.1"]
[White "Nikolic, Predrag"]
[Black "Grischuk, Alexander"]
[Result "1/2-1/2"]
[WhiteElo "2643"]
[BlackElo "2712"]
[Annotator "Ftacnik,L"]
[PlyCount "72"]
[EventDate "2003.05.07"]
[EventType "team"]
[EventRounds "4"]
[EventCountry "FRA"]
[SourceTitle "CBM 095"]
[Source "ChessBase"]
[SourceDate "2003.07.25"]
[SourceVersion "1"]
[SourceVersionDate "2003.07.25"]
[SourceQuality "1"]
[WhiteTeam "Nice"]
[BlackTeam "Paris NAO"]
[WhiteTeamCountry "FRA"]
[BlackTeamCountry "FRA"]

1. d4 d5 2. c4 e6 3. Nf3 c5 4. cxd5 exd5 5. g3 Nf6 6. Bg2 Be7 7. O-O O-O 8.
dxc5 Bxc5 9. Nc3 Nc6 10. Bg5 d4 11. Ne4 Be7 12. Bxf6 Bxf6 13. Rc1 Re8 14. Ne1
Bf5 15. Nc5 Qb6 16. Ned3 Rac8 17. a3 {Two bishops and active pieces slightly
favour black in this position, white has no active plan.} Bg5 18. Rc4 Qb5 19.
b3 (19. Rc2 a5 $15) 19... Be7 (19... a5 20. Re1 Rc7 $15) 20. Qc1 Na5 $5 (20...
Bxd3 21. Nxd3 Qxb3 22. Bxc6 bxc6 (22... Bxa3 $2 23. Bxe8 Rxc4 24. Bxf7+ Kxf7
25. Ne5+ $18) 23. Rxc6 Ra8 24. Qa1 Qa4 25. Rfc1 Bxa3 26. Qa2 $11) (20... Ne5
21. a4 (21. Nxe5 Rxc5 22. Nf3 Rxc4 23. bxc4 Qc5 24. Rd1 Bf6 25. Qd2 Rd8 26. Qb4
b6 $15) 21... Qb6 22. Nxe5 Rxc5 23. Qf4 Be6 24. Rxc5 Bxc5 25. Nd3 Be7 $15) 21.
Rb4 Bxd3 22. Rxb5 Bxb5 23. b4 Bxc5 $6 {[%mdl 64] Grischuk started a
magnificent combination, but unfortunatelly this move is not the best. White
was already facing serious problems after the unpleasant 23...Bxe2.} (23...
Bxe2 24. Bh3 $5 (24. Re1 d3 25. Nxd3 (25. Qf4 Bxc5 26. Bd5 Red8 27. Bxf7+ Kh8
28. Qd2 Bd4 29. Rxe2 dxe2 30. Qxe2 Rf8 $19) (25. Qd2 Nc4 26. Qc3 Bxc5 27. bxc5
d2 $19) 25... Rxc1 (25... Bxd3 26. Qd1 Ba6 27. bxa5 $14) 26. Nxc1 Ba6 27. bxa5
Kf8 $17) 24... Rcd8 (24... Rxc5 25. bxc5 Bxf1 26. Bxf1 Rd8 27. Qc2 Nc6 $11) 25.
Bd7 d3 26. bxa5 (26. Nxd3 Rxd7 27. bxa5 Rxd3 28. Re1 Red8 $19) (26. Bxe8 d2 27.
Qc2 Bxf1 28. Bd7 Bxc5 29. Qxd2 Bh3 30. bxc5 Rxd7 $19) 26... Rf8 27. Ba4 Rc8 28.
Re1 Bxc5 $17) 24. Bh3 $1 (24. bxc5 Bxe2 25. Re1 d3 26. Qc3 Rcd8 (26... Nc4 27.
Bxb7 Rcd8 28. Bc6 (28. Ra1 d2 29. h3 Rd3 30. Qb4 Rxa3 $19) 28... d2 29. Bxe8
dxe1=Q+ 30. Qxe1 Rd1 $19) 27. Bf1 d2 28. Bxe2 dxe1=Q+ 29. Qxe1 Nc6 30. Qf1 Nd4
31. Bg4 Re5 $17) 24... Rc7 (24... Nb3 25. Qb2 (25. Qd1 Rcd8 26. bxc5 Nxc5 27.
Re1 Ne4 28. Bg4 $11) 25... Rc7 26. bxc5 Bc4 27. Bg4 $11) 25. Qf4 Rce7 (25...
Bb6 26. bxa5 Bxa5 27. Qf5 a6 28. a4 g6 29. Qd5 Bxe2 30. Qxa5 Bxf1 31. Kxf1 $16)
26. bxc5 Nc6 (26... Bxe2 27. Qxd4 Bxf1 28. Kxf1 Re1+ 29. Kg2 Nc6 30. Qb2 $15)
27. Bg2 Bxe2 (27... Rxe2 28. Bxc6 bxc6 29. Qxd4 R2e4 30. Qd2 $11) 28. Bxc6 $1 (
28. Re1 d3 $36) 28... bxc6 29. Qxd4 Bxf1 30. Kxf1 $11 {The excitement is over
and position quite even.} g6 31. Qd6 Re6 32. Qc7 R8e7 33. Qd8+ Re8 34. Qc7 R8e7
35. Qd8+ Kg7 36. Qd4+ Kg8 1/2-1/2

[Event "EU-ch 4th"]
[Site "Istanbul"]
[Date "2003.05.30"]
[Round "1"]
[White "Grischuk, Alexander"]
[Black "Iljushin, Alexei"]
[Result "1-0"]
[WhiteElo "2701"]
[BlackElo "2556"]
[Annotator "Finkel,A"]
[PlyCount "105"]
[EventDate "2003.05.30"]
[EventType "swiss"]
[EventRounds "13"]
[EventCountry "TUR"]
[SourceTitle "CBM 096"]
[Source "ChessBase"]
[SourceDate "2003.09.25"]
[SourceVersion "1"]
[SourceVersionDate "2003.09.25"]
[SourceQuality "1"]

1. e4 e6 2. d4 d5 3. Nc3 Nf6 4. e5 Nfd7 5. f4 c5 6. Nf3 Nc6 7. Be3 cxd4 8. Nxd4
Bc5 9. Qd2 O-O 10. O-O-O Nxd4 11. Bxd4 a6 12. Qf2 {As i previously mentioned
in my comments to one of the games played in this line, this move is starting
to gain popularity after Krmanik had used it in his game against Radjabov in
the last Linares tournament.} Qc7 13. Bd3 (13. Bxc5 Nxc5 14. Bd3 f6 15. exf6
Rxf6 16. g3 Bd7 17. Qd4 $14 {Schmid,G-Janka,H/Koetzting 1988}) (13. g4 $5 b5
14. Bd3 b4 15. Qh4 h6 16. Ne2 f6 17. Bxc5 Nxc5 18. exf6 Rxf6 19. g5 $36 {
Kosmol,H-Uiess,H/ICCF-Cup corr 1994}) 13... Bxd4 {Radjabov didn't take his
chance to trade the queens and very soon found himself under the decisive
attack'} (13... b5 14. Qh4 (14. Ne2 Be7 15. Kb1 Bb7 16. Rhe1 Rae8 17. Qg3 f5
18. exf6 Bxf6 19. Qh3 $14 {Moreda,L-Kovacevic,B/Nova Gorica 2001}) 14... h6 15.
Ne2 f6 (15... Bb7 16. g4 $1 {[%csl Rg8][%cal Gg4g5]} f6 17. g5 fxe5 18. gxh6 $1
$18 exd4 $140 19. hxg7 Rf6 20. Qh7+ Kf7 21. g8=Q#) 16. Qg4 $36 {Kramnik,
V-Radjabov,T/Linares 2003/CBM 94_01}) 14. Qxd4 Qc5 (14... b5 15. Rhe1 Qb6 16.
Qxb6 Nxb6 17. Ne2 b4 18. Nd4 a5 19. b3 $14 {Pedzich,D-Aaberg,A/Copenhagen 1991}
) 15. Ne2 b5 {I must admit that it's not so easy to point out what black
should play to reach an equality. One thing is for sure- he should avoid the
positions with lightsquared bishop versus white knight.} (15... b6 16. Kb1 (16.
Rhe1 $5 Bb7 17. f5 f6 (17... exf5 18. Bxf5 Qxd4 19. Nxd4 Nc5 20. c3 $14) 18.
fxe6 (18. exf6 e5 19. Qxc5 Nxc5 20. fxg7 Kxg7 21. Ng3 Kf6 $44) 18... Nxe5 19.
Qf4 Rac8 20. Nd4 Qa5 21. Kb1 $14) 16... Bb7 17. c3 Bc6 18. Bc2 $1 $14 {Hossain,
E-Vakhidov,T/Dhaka 2003}) (15... Qxd4 16. Nxd4 Nc5 17. Rhe1 $14) ({Doesn't
work 15...f6 since white is better prepared to open up a center.} 15... f6 16.
exf6 gxf6 17. Rhe1 e5 (17... b6 18. c3 Bb7 19. Bc2 $16) 18. fxe5 fxe5 19. Qg4+
Kh8 20. Nc3 Nf6 21. Qg5 $1 $16 {[%csl Re5][%cal Gg5c5]}) 16. Kb1 b4 17. Rc1 $1
{[%cal Gc2c4]} Qxd4 $6 {After this move black can't get any counterplay in the
endgame, so deserved attention to try to avoid the trade.} (17... a5 $5 18. c3
(18. c4 Bb7) 18... b3 (18... Ba6 19. Bxa6 Rxa6 (19... Qxd4 20. Nxd4 Rxa6 21.
cxb4 axb4 22. Rc7) 20. Qxc5 Nxc5 21. cxb4 $16) 19. axb3 Qe7 $44 {[%csl Rb3]
[%cal Gd7c5,Ga8b8]}) 18. Nxd4 $14 Nc5 (18... a5 19. c3 bxc3 20. Rxc3 Ba6 21.
Bxa6 Rxa6 22. Rc7 $16) 19. Rhd1 $1 {White is very persistant with his plan to
transfer c3.} f6 $6 {Another inaccuracy puting black in the danger of losing.
It was necessary to play} (19... Na4) 20. c3 fxe5 21. fxe5 bxc3 22. Rxc3 Nxd3
23. Rdxd3 $16 {White knight is so much stronger than black bishop that white
win is just matter of time.} Bd7 (23... a5) 24. Rf3 Rxf3 25. gxf3 Ra7 {Too
passive. The best way to defend is by trading the rooks and penitrating with
the king to the kingisde.} (25... Rc8 $5 26. Rxc8+ Bxc8 27. Kc2 Kf7 28. Kc3 Kg6
29. Kb4 Kg5 30. Kc5 Kf4 31. Kd6 Ke3 32. Nxe6 Bxe6 33. Kxe6 d4 34. Kf7 d3 35. e6
d2 36. e7 d1=Q 37. e8=Q+ Kxf3 $16) 26. Kc2 Kf7 27. f4 Rb7 28. b3 h6 29. Kd2 Ke7
(29... g5 $2 30. fxg5 hxg5 31. Rg3 Kg6 32. h4 $18) 30. a3 {First of all
Grischuk takes care of the queenside.} Kf7 31. h4 g6 32. Rc5 Ke7 33. b4 Kf7 34.
Ke3 {[%cal Ge3f3,Gf3g4,Gh4h5]} Ke8 35. Kf3 Kf7 36. Kg4 Ke7 37. h5 $18 {
Everything was set up for this break aimed to free the way for e-pawn.} Kf7 38.
hxg6+ Kxg6 39. f5+ exf5+ 40. Kf4 Be8 41. Rc8 Bd7 42. Ra8 Bb5 43. Rf8 Rf7 44.
Rd8 Rd7 45. Rb8 Bd3 46. Rb6+ Kh7 47. e6 $1 Rg7 48. Nxf5 Rg5 49. Nxh6 $1 {
Little oombination to finish the game with some style.} Rg1 50. e7 Re1 51. Nf5
Rf1+ 52. Ke3 Bxf5 53. Ke2 1-0

[Event "EU-ch 4th"]
[Site "Istanbul"]
[Date "2003.06.08"]
[Round "9"]
[White "McShane, Luke J"]
[Black "Grischuk, Alexander"]
[Result "0-1"]
[WhiteElo "2592"]
[BlackElo "2701"]
[Annotator "Meyer,CD"]
[PlyCount "116"]
[EventDate "2003.05.30"]
[EventType "swiss"]
[EventRounds "13"]
[EventCountry "TUR"]
[SourceTitle "CBM 096"]
[Source "ChessBase"]
[SourceDate "2003.09.25"]
[SourceVersion "1"]
[SourceVersionDate "2003.09.25"]
[SourceQuality "1"]

1. e4 c5 2. Nf3 Nc6 3. Bb5 e6 4. Bxc6 bxc6 5. b3 Ne7 6. Bb2 Ng6 7. h4 h5 8. e5
(8. g3 f6 9. d4 cxd4 10. Qxd4 Qb6 11. Qd3 Bb4+ 12. Nbd2 Ba6 13. c4 O-O 14. Qxd7
Rad8 15. Qxe6+ Rf7 16. c5 Qxc5 17. Rc1 Qa5 18. Rc2 Qxa2 19. Kd1 Qb1+ 20. Bc1
Be2+ 21. Kxe2 Qxc2 22. Rd1 Qd3+ {0:1, A. Karlsson - I. Rogers, Reykjavik 2000})
8... c4 $6 {Ein keckes Bauernopfer zwecks Öffnung der Stellung für das
schwarze Läuferpaar dessen Korrektheit indes fraglich erscheint.} 9. bxc4 Rb8
10. Bc3 c5 11. d3 Be7 12. Nbd2 f5 {[#]} 13. g3 (13. exf6 gxf6 14. Qe2 Kf7 15.
O-O Bb7 16. Rfe1 Qc7 17. Qe3 Rbg8 $13 {, P. German - G. Milos, Buenos Aires
1997, 0:1/39}) 13... Bb7 14. Qe2 Qb6 15. Rg1 Qc6 16. a4 Ba8 17. Nh2 Rh6 18. f4
$16 Nh8 19. Ndf3 Nf7 20. Kd2 Rh8 21. Ne1 g6 22. Nhf3 Kf8 23. Kc1 Qc7 24. Nd2
Nd8 25. Nb3 Nc6 26. Nf3 Nb4 27. Nfd2 Kf7 28. Kb2 a5 29. Nb1 Bc6 30. Be1 Rhe8
31. Nc3 d5 32. exd6 Bxd6 33. Nb5 Bxb5 34. axb5 e5 35. Qg2 e4 36. Rxa5 (36. Nxa5
Bf8 37. Bxb4 cxb4 38. Nc6 Bg7+ 39. d4 $16) 36... Bf8 37. Bc3 exd3 {[#]} (37...
Bg7 $2 38. Bxg7 Kxg7 39. Rga1 $1) 38. cxd3 (38. Bxb4 cxb4 39. cxd3 Bg7+ 40. Kb1
$16) 38... Bg7 39. Bxg7 (39. Rga1 $5) 39... Kxg7 40. Rd1 $2 {[#]} (40. Qf3 Rbd8
41. Rd1 Rd7 42. Ra4 Rde7 43. d4 Re3 $132) (40. Qd2 $5 Rbd8 41. d4 Rxd4 42. Nxd4
Qxa5 43. Ra1 Qb6 44. Nf3 $16) 40... Kh6 $2 (40... Re3 $132) 41. Ka3 $4 ({
Der Anziehende vergibt die letzte Chance, diesen Super-GM-Skalp zu erbeuten,
während sein Vorteil mit} 41. Qf2 $1 {überzeugend auszubauen war!}) 41... Re3
$15 42. Qb2 Nxd3 43. Qd2 $6 ({Schnell hat sich das Blatt gewendet, und schon
kämpft Weiß ums Überleben, was vielleicht noch durch} 43. Qf6 $5 {zu
bewerkstelligen war:} Rxg3 44. Qc3 Ne5 45. Qxg3 Nxc4+ 46. Ka2 Nxa5 47. Qg5+ Kh7
48. Nxc5) 43... Nb4 $17 44. Ra4 Rbe8 $1 {[#]} 45. Rxb4 Re2 $1 ({Zieht die
Schlinge unerbittlich zu, nicht jedoch} 45... cxb4+ $2 46. Kxb4 (46. Qxb4 $2
Rxg3 47. b6 Qxf4) 46... Rxg3 (46... Qa7 {/Qg7} 47. Qd4) 47. Qd6 Qa7 48. b6) 46.
Ra4 (46. Qd7 Ra8+ 47. Ra4 Rxa4+ 48. Kxa4 Ra2#) (46. Qd5 Qa7+ 47. Ra4 Qxa4+ 48.
Kxa4 Ra2#) (46. b6 Rxd2 47. Ra4 Qxb6 48. Rxd2 Re3 $19) 46... Rxd2 47. Rxd2 Re3
$19 48. Ra8 Qg7 49. Ka2 Qc3 50. Rb2 Qxc4 51. b6 Qd5 52. Ra5 Rc3 53. Rb5 Qc4 54.
Ra5 Qb4 55. Rxc5 Qa4+ 56. Kb1 Rxb3 57. Rcc2 Rxg3 58. Rc1 Ra3 0-1

[Event "Mainz Ordix op"]
[Site "Mainz"]
[Date "2003.08.16"]
[Round "1"]
[White "Grischuk, Alexander"]
[Black "Tischendorf, Michael"]
[Result "1-0"]
[WhiteElo "2732"]
[BlackElo "2213"]
[PlyCount "43"]
[EventDate "2003.08.16"]
[EventType "swiss (rapid)"]
[EventRounds "11"]
[EventCountry "GER"]
[SourceTitle "CBM 095 Extra"]
[Source "ChessBase"]
[SourceDate "2003.09.04"]
[SourceVersion "1"]
[SourceVersionDate "2003.09.04"]
[SourceQuality "1"]

1. e4 e6 2. d4 d5 3. Nc3 Bb4 4. e5 c5 5. a3 Ba5 6. b4 cxd4 7. Nb5 Bc7 8. f4 Bd7
9. Nxc7+ Qxc7 10. Nf3 Nc6 11. Bd3 Nh6 12. O-O O-O 13. Qe2 Rac8 14. Ng5 g6 15.
Rf3 Nf5 16. Bxf5 exf5 17. Rh3 d3 18. Nxh7 Kg7 19. Nf6 Rh8 20. Rxd3 Nd8 21. e6
Nxe6 22. Nxd5 1-0

[Event "RUS-ch 56th"]
[Site "Krasnoyarsk"]
[Date "2003.09.03"]
[Round "1"]
[White "Dvoirys, Semen I"]
[Black "Grischuk, Alexander"]
[Result "1/2-1/2"]
[WhiteElo "2555"]
[BlackElo "2732"]
[Annotator "Lukacs,P"]
[PlyCount "34"]
[EventDate "2003.09.03"]
[EventType "swiss"]
[EventRounds "9"]
[EventCountry "RUS"]
[SourceTitle "CBM 098"]
[Source "ChessBase"]
[SourceDate "2004.02.03"]
[SourceVersion "1"]
[SourceVersionDate "2004.02.03"]
[SourceQuality "1"]

1. e4 c6 2. Nc3 d5 3. Nf3 Bg4 4. h3 Bxf3 5. Qxf3 e6 {This setup cannot yield
any real advantage for White, but it may lead to a complicated middlegame
struggle.} 6. g3 (6. d4 Nd7 (6... dxe4 7. Nxe4 Qxd4 (7... Nd7) 8. Bd3 {-
Nevednichy-Iordachescu, Cicoltea mem 2001 CBM 82}) (6... Nf6 {looks more
aggressive.}) 7. Bd3 (7. exd5 cxd5 8. Bd3 Ngf6 9. O-O Be7 10. a4 O-O 11. a5 a6
12. Ra4 Nb8 13. Bd2 Nc6 $11 {Kasparian-Konstantinopolsky, SU-sf Kiev 1940})
7... dxe4 8. Nxe4 {- Golubev-Tiviakov, Germany 2002 CBM 93}) (6. d3 Nd7 (6...
Bb4 {- Krays-Greenfeld, ISR-ch Ramit Aviv 1998 CBM 68}) 7. g3 Bb4 {-
Chernyshov-Dreev, RUS-Team Smolensk 2000 CBM 77} (7... g6 {- J.Polgar-Panno,
Aruba 1992 CBM 33})) (6. b3 {- Georgiev-Epishin, Leonardo di Bono mem 1999 CBM
71}) 6... Nf6 7. Bg2 Bb4 (7... Nbd7 8. d4 dxe4 {Black is playing for a
comfortable equalization.} (8... Bb4 {can complicate matters, but not without
risk:} 9. e5 Ne4 10. O-O Nxc3 11. bxc3 Be7 12. Rb1 (12. Qg4 g6 13. Bd2 Qa5 14.
Rfb1 Nb6 15. Bf1 Qa4 16. Bd3 O-O-O 17. Bg5 Bxg5 18. Qxg5 Rd7 $11 {
Pavasovic-Zupe, Budapest 1993}) 12... Rb8 13. Qe2 Qa5 14. Rb3 Qxa2 $2 {Hunting
for pawns on the edge of the board is dangerous, and Black will be punished
for that:} 15. Bb2 $1 Qa6 16. Qg4 $1 h5 (16... g6 $2 17. Ra1 Qc4 18. Bf1 $18)
17. Qxg7 Rf8 18. Bf3 b5 19. Bxh5 $18 {Magem Badals-Izeta, ESP-chT 1996}) 9.
Nxe4 Nxe4 10. Qxe4 Qa5+ (10... Nf6 11. Qd3 Bd6 12. Qb3 Qe7 13. O-O O-O 14. c4
Rad8 15. Be3 Bb8 16. Rad1 {In this type of position White's ^^ and some space
advantage can be compensated by the pressure on ><d4.} Rd7 17. Rd3 Rfd8 18.
Rfd1 h6 19. Bf3 $14 {Van der Wiel-Delemarre, Wijk aan Zee 1996}) (10... Be7 11.
O-O O-O 12. a3 (12. Rd1 Qb6 13. c4 Rad8 14. Be3 Nf6 15. Qd3 e5 16. dxe5 {
After the mass exchanges Black can fully equalize the _|_.} Rxd3 17. Bxb6 Rxd1+
18. Rxd1 axb6 19. exf6 Bxf6 20. Rd7 Rb8 21. b4 Kf8 22. b5 cxb5 23. cxb5 Ke8 24.
Rc7 Be5 $11 {Van der Wiel-Groszpeter, Novi Sad olm 1990}) 12... Qb6 13. Be3 Nf6
14. Qd3 Nd5 15. Bd2 Bf6 16. c4 Ne7 17. Be4 Qxd4 18. Bxh7+ Kh8 19. Be3 Qxd3 20.
Bxd3 Bxb2 21. Rab1 Bxa3 22. Rb3 Bd6 23. Rxb7 $44 {Hector-Danielsen,
Espergaerde 1997}) 11. c3 Qd5 12. O-O (12. Qxd5 cxd5 13. Bf4 {Later White has
to open up the long /^ for his B via c3-c4.} O-O-O 14. Rc1 Nb6 15. b3 Bd6 16.
Be3 {White wants to keep the ^^.} Kb8 17. c4 Bb4+ 18. Ke2 Rhe8 19. Rhd1 Nc8 20.
cxd5 exd5 21. Kd3 $14 {Romanishin-Mikhalchishin, USR-ch 46 Tbilisi 1978}) 12...
Qxe4 13. Bxe4 Bd6 14. c4 $14 {Van der Wiel-Gomez Esteban, Elgoibar 1998 CBM 69}
) (7... Bc5 {- Van der Wiel-Dautov, NED-GER Venlo 2000 CBM 79}) 8. O-O (8. e5
Nfd7 9. Qg4 (9. Qe2 Qc7 {This seems to be safer than} (9... c5 $5 10. a3 Ba5
11. Nb5 O-O 12. O-O Nc6 13. f4 c4 14. Kh2 a6 15. Nc3 Rc8 16. d3 Nd4 17. Qf2 Bb6
$5 (17... Bxc3 18. bxc3 Nb5 19. d4 f5 {Black has to close the position against
the ^^.} (19... Nxc3 20. f5) 20. Bb2 $14 {with a French type of position,
where a breakthrough is hard to see, Geller-L.Portisch, Stockholm izt 1962.})
18. Be3 Nb5)) 9... Bf8 {This manoeuvre is well-known from the French.} 10. f4 (
{On} 10. d4 c5 {attacks the [+] immediately, as in the French.} 11. Be3 (11.
dxc5 Nc6 $1) 11... cxd4 12. Bxd4 Nc6 13. O-O-O Nxd4 14. Rxd4 Nb6 15. Rhd1 Qd7
16. Bf1 a6 $13 {Clarke-Arkell, Dublin izt 1993}) (10. Qe2 c5 (10... Qc7 11. d4
Qb6 12. Qd1 {The Q's Odysseia has been ended.} c5 {White cannot hold the [+].}
13. dxc5 Qxc5 14. O-O Nc6 15. Be3 Qa5 16. f4 O-O-O 17. a3 Bc5 18. Bxc5 Qxc5+
19. Kh2 g5 $13 {Lukin-Dimitriev, RUS-ch Orel 1992}) 11. O-O Nc6 12. f4 Nd4 13.
Qd1 c4 14. Ne2 Bc5 15. Nxd4 Bxd4+ 16. Kh2 O-O 17. c3 Bb6 18. d4 cxd3 19. Qxd3
Qc7 20. Be3 Rac8 {White is not strong enough to blockade d4 successfully, he
desperately needs a N for that.} 21. Bxb6 Qxb6 $11 {Schein-Gyimesi, Mitte 2002}
) 10... g6 (10... Na6 11. d4 c5 12. Be3 g6 13. O-O-O Qa5 14. Nxd5 $5 {is an
interesting positional piece sacrifice in order to destroy Black's [+].} exd5
15. Bxd5 $44 {Votava-Velicka, CZE-chT 1994}) 11. O-O (11. b3 Na6 12. a3 Nc7 (
12... Qb6 $5) 13. h4 h5 14. Qe2 Be7 15. Bb2 a6 16. Nd1 a5 17. O-O a4 18. b4 Nb5
19. Ne3 Qb6 20. Qd3 O-O-O $14 {Lutikov-Simagin, SU-ch 28 Moscow 1961}) 11...
Na6 (11... c5 {/\ Nc6 is logical concentrating the forces to the [+].} 12. Ne2
Nc6 13. d3 Bg7 14. c4 O-O 15. Qf3 d4 16. g4 f6 17. exf6 Nxf6 18. Ng3 $14 {
Liu Dede-Antonio, Asian Team Ch 1999}) 12. d3 Bc5+ 13. Kh2 Nc7 14. Qe2 f5 (
14... Qe7 15. Na4 $14) 15. exf6 $5 (15. Nd1 {The N has to leave in order to
give way for the pawns on the <<.} Qe7 16. c3 {/\ d4} a6 (16... d4 17. cxd4
Bxd4 18. Be3) 17. d4 Ba7 18. b4 $14 {/\ a4,Ne3 with space advantage.}) 15...
Qxf6 16. Nd1 {The N on c3 is doing nothing.} O-O-O 17. c3 Qe7 18. d4 Bd6 19.
Nf2 $14 {Zhelnin-Evseev, St. Petersburg 1999 CBM 71}) ({The positional P
sacrifice} 8. a3 {is sound, but doesn't lead to an advantage for White.} Bxc3
9. Qxc3 dxe4 10. b3 Nbd7 11. Bb2 {The fianchettoed ^^ compensates the loss of
the P, but more cannot be said.} e5 (11... O-O 12. Bxe4 $14) (11... Qb6 12. O-O
O-O-O $13 {Kudrin-Wells, Hamar op 1983}) 12. O-O O-O) 8... Bxc3 (8... O-O 9. e5
Nfd7 10. Qe2 {/\ f4} c5 11. f4 Nc6 {Black has a strong [+], the ^^ is of no
real importance.} 12. d3 Rc8 13. Nd1 Ba5 14. c3 b5 15. Nf2 b4 16. c4 Nd4 17.
Qd1 Nb8 18. b3 Nbc6 $13 {Skrzypnik-Myc, Lubniewice 2003}) 9. Qxc3 dxe4 10. d3
$5 (10. b3 Nbd7 11. Bb2 (11. Re1 O-O 12. Bb2 e5 13. Bxe4 Nxe4 14. Rxe4 c5 {
White has gained back the P, but Black's [+] is strong and the ^^ has gone.}
15. Qc4 b6 16. Rae1 Qg5 17. R4e3 Rae8 18. Kg2 Re6 $11 {Klavins-T.Petrosian,
SU-chT Moscow 1959}) 11... e5 $5 {The [+] looks more important than the ^^
here.} (11... Qb6 12. Rae1 O-O-O 13. a3 $5 (13. g4 h6 14. a3 Rhg8 {/\ Nd5}) (
13. Bxe4 Nxe4 14. Rxe4 Nf6 $11) 13... Rhg8 $13)) 10... exd3 11. Rd1 {White has
opened the diagonals for his ^^, but in a semi-closed position like that it is
not so frightening.} Nbd7 12. Rxd3 {The only opened d <-> is firmly in White's
hands, but there is no penetration.} O-O 13. Bg5 Qe7 (13... Qb6 $5) 14. Rad1 {
White has a nice pressure for the P, but there is no weakness in Black's camp.}
Nb6 15. Qa5 (15. Qd4 Rfe8 16. c4 e5 17. Qh4 h6 18. Bxf6 Qxf6 19. Qxf6 gxf6 20.
b3 f5 21. Rd6 Kg7 22. c5 Nc8 23. Rd7 Rb8 $11) (15. Bxf6 Qxf6 16. Qxf6 gxf6 17.
b3 f5 18. a4 a5 19. c4 Kg7 $44) 15... Nc4 16. Qc3 Nb6 17. Qa5 Nc4 {and draw by
threefold repetition.} 1/2-1/2